000 00469nam a22001817a 4500
005 20250122103430.0
008 250122b |||||||| |||| 00| 0 eng d
020 _a978-93-89185-48-5
041 _aeng
082 _a629.8
100 _aKANI, A NAGOOR
_98597
245 _aCONTROL SYSTEMS FOR BE/BTECH COURSES
250 _a5TH ED. 2020
260 _aNEW DELHI
_bCBS PUBLISHERS & DISTRIBUTORS PVT LTD
300 _a7.86; P
_e1.4 P
650 _aMINING
942 _cBK
999 _c8725
_d8723